Statistics for Landlocked Countries - One Minute Sprint

Click here to take the quiz!

General Stats

  • This quiz has been taken 59 times
  • The average score is 22 of 45

Answer Stats

Country% Correct
Bolivia
78%
Switzerland
78%
Austria
75%
Hungary
75%
Slovakia
73%
Mongolia
70%
Czech Republic
68%
Kazakhstan
68%
Paraguay
68%
Liechtenstein
65%
Vatican City
65%
Luxembourg
60%
San Marino
60%
Andorra
58%
Chad
58%
Nepal
53%
Tajikistan
53%
Afghanistan
50%
Central African Republic
50%
Kyrgyzstan
50%
Laos
50%
Mali
50%
Turkmenistan
50%
Lesotho
48%
Uzbekistan
48%
Belarus
45%
Bhutan
45%
Serbia
45%
Niger
43%
Kosovo
40%
Rwanda
40%
South Sudan
40%
Uganda
40%
Armenia
35%
Botswana
35%
Moldova
35%
Swaziland
35%
Zimbabwe
35%
Azerbaijan
33%
Burundi
33%
Malawi
33%
Burkina Faso
30%
Zambia
30%
Macedonia
28%
Ethiopia
13%

Score Distribution

Percentile by Number Answered

Percent of People with Each Score

Your Score History

You have not taken this quiz